2937-豊岡市(兵庫県)の駅 - Statistics

General Stats
  • This quiz has been taken 19 times
  • The average score is 6 of 7
Answer Stats
Answer % Correct
豊岡
100%
城崎温泉
94%
玄武洞
88%
コウノトリの郷
82%
江原
82%
竹野
76%
国府
65%
No matching quizzes found
Score Distribution
Percent of People with Each Score
Percentile by Number Answered
Your Score History
You have not taken this quiz